00867 a2200169 45000010006000000050017000060080041000230030015000640400040000790800109001192450097002280200022003252640032003473000019003795050276003981000023006745920420260407155846.0260407a2009 arg spa dAR-UNSa-BCEJYS aAR-UNSa-BCEJYSbspacAR-UNSa-BCEJYS a327xRelaciones internacionales. Política internacional. Asuntos internacionales. Política exterior 10aLa Argentina ante la nueva internacionalización de la producciónpcrisis y oportunidades a978-987-25514-0-7 1aBuenos Aires :bCEPALc2009 a312 p.c22 cm. a1. Crisis internacional y estrategia macroeconómica – 2. Comercio e inserción internacional – 3. Inversión extranjera directa y cadenas de valor en la industria y servicios – 4. Cadenas de valor en la agroindustria – 5. Modelos y escenarios multisectoriales1 aKosacoff, Bernardo